=LDR 00000nam 2200000 4500 =001 INLIS000000000001036 =005 20130612085442 =008 ***********************************Ind** =035 ##$$0010-061300000001036 =041 ##$$a Ind =082 ##$$a 028.5 =090 ##$$a 028.5, Sma-s =100 ##$$a SMAS, Bung =245 ##$$a Singa Allah, Kisah-kisah dalam Al-Qur'an, Bung Smas =260 ##$$a 1997 $b Bandung =300 ##$$a vii, 31 hlm, ilus, 28 cm =650 ##$$a Bacaan Kanak-kanak =850 ##$$a NBPNMAT